000 01174nam a22003377a 4500
003 CHAP
005 20220329140408.0
008 971013s1985 r 00010 d
010 _a51397
011 _a52369
035 _a56519
040 _cCHAP
090 _aTesis
100 0 0 _aRojas Hernández, Pedro.
_999318
245 _aProblemas estadísticos de la investigación cañera
260 _aChapingo, Méx. :
_bEl autor,
_c1985
300 _a82 h.
502 _aTesis (M. C. Esp. en Estadísticas Experimentales) -- Colegio de Postgraduados. Centro de Estadística y Cálculo
590 _aALEPH
_b10
_c20130110
_lUCH01
_h1327
590 _aBATCH-UPD
_b10
_c20130110
_lUCH01
_h0608
590 _aBATCH-UPD
_b10
_c20130410
_lUCH01
_h0250
590 _aBATCH-UPD
_b10
_c20130914
_lUCH01
_h0836
590 _aCONVERSION
_b10
_c20130109
_lUCH01
_h1328
650 1 4 _aCaña de azúcar
_xInvestigación.
_918617
650 1 4 _aDiseños experimentales.
_932735
650 1 4 _aIndustria azucarera
_xMétodos estadísticos.
_957790
901 _aBK
942 _cTESIS
949 _bBC
_cTES
_d-123444
_eTS1
_h17514
_i56519
_si
949 _bBC
_cTES
_d-123445
_eTS1
_fc.2
_h17515
_i56519
_si
999 _c51397
_d51397